Maternal & child nursing care / (Record no. 7781)
[ view plain ]
| 000 -LEADER | |
|---|---|
| fixed length control field | 00811cam a22002294a 4500 |
| 020 ## - INTERNATIONAL STANDARD BOOK NUMBER | |
| ISBN | 0131723944 |
| 020 ## - INTERNATIONAL STANDARD BOOK NUMBER | |
| ISBN | 9780131723948 |
| 050 00 - CALL NUMBER | |
| Classification number | RG951 |
| Item number | .M41 |
| 245 00 - TITLE | |
| Title | Maternal & child nursing care / |
| Statement of responsibility, etc | Marcia L. London ... [et al.]. |
| 250 ## - EDITION | |
| Edition statement | 2nd ed. |
| 260 ## - PUBLICATION INFORMATION | |
| Place of publication | Upper Saddle River, N.J. : |
| Name of publisher | Pearson Prentice Hall, |
| Year of publication | c2007. |
| 300 ## - DESCRIPTION | |
| Number of Pages | xxxviii, 1986 p., [2] fold-out p. of plates : |
| Other physical details | col. ill. ; |
| Dimensions | 29 cm. + |
| Accompanying material | 1 CD-ROM (4 3/4 in.) |
| 500 ## - NOTES | |
| General note | Rev. ed. of: Maternal-newborn and child nursing. c2003. |
| 500 ## - NOTES | |
| General note | Includes pull-out col. poster. |
| 650 #0 - SUBJECTS | |
| Topical Term | Maternity nursing. |
| 650 #0 - SUBJECTS | |
| Topical Term | Pediatric nursing. |
| 650 12 - SUBJECTS | |
| Topical Term | Maternal-Child Nursing |
| General subdivision | methods. |
| 650 22 - SUBJECTS | |
| Topical Term | Pediatric Nursing |
| General subdivision | methods. |
| 700 1# - OTHER AUTHORS | |
| Personal name | London, Marcia L. |
| 730 0# - OTHER AUTHORS | |
| OTHER AUTHORS | Maternal-newborn and child nursing. |
| 942 ## - ADDED ENTRY ELEMENTS (KOHA) | |
| Koha item type | Books |
| Withdrawn status | Lost status | Home library | Current library | Date acquired | Full call number | Accession Number | Koha item type |
|---|---|---|---|---|---|---|---|
| Methodist University Library Wenchi Nursing | Methodist University Library Wenchi Nursing | 24/09/2021 | RG951 .M41 | 1474 | Books | ||
| Methodist University Library Wenchi Nursing | Methodist University Library Wenchi Nursing | 24/09/2021 | RG951 .M41 | 2309 | Books |